Natalité et régime successoral / (Record no. 133799)

MARC details
000 -LEADER
campo de control de longitud fija 00491nam a2200181 i 4500
001 - NÚMERO DE CONTROL
campo de control 133799
003 - IDENTIFICADOR DE NÚMERO DE CONTROL
campo de control ES-MaACL
005 - FECHA Y HORA DE LA ÚLTIMA TRANSACCIÓN
campo de control 20250809063520.0
007 - CAMPO FIJO DE DESCRIPCIÓN FÍSICA--INFORMACIÓN GENERAL
campo de control de longitud fija t|
008 - DATOS DE LONGITUD FIJA--INFORMACIÓN GENERAL
campo de control de longitud fija 070829s1917 fr ||||1| fre d
100 1# - ENTRADA PRINCIPAL--NOMBRE DE PERSONA
Nombre de persona Worms, René,
Fechas asociadas al nombre 1869-1926
9 (RLIN) 117375
245 10 - MENCIÓN DEL TÍTULO
Título Natalité et régime successoral /
Mención de responsabilidad, etc. René Worms.
260 ## - PUBLICACIÓN, DISTRIBUCIÓN, ETC.
Lugar de publicación, distribución, etc. Paris :
Nombre del editor, distribuidor, etc. Payot,
Fecha de publicación, distribución, etc. 1917.
300 ## - DESCRIPCIÓN FÍSICA
Extensión 220 p. ;
Dimensiones 19 cm.
650 14 - PUNTO DE ACCESO ADICIONAL DE MATERIA--TÉRMINO DE MATERIA
Término de materia o nombre geográfico como elemento de entrada Natalidad.
9 (RLIN) 15475
852 ## - LOCALIZACIÓN
Ubicación ES-MaACL
Número de control de estantería G-4594
Holdings
Estatus retirado Estado de pérdida Estado de daño No para préstamo Biblioteca de origen Biblioteca actual Ubicación en estantería Fecha de adquisición Fuente de adquisición Total de préstamos Signatura topográfica completa Código de barras Visto por última vez Precio de reemplazo Tipo de ítem Koha
        Biblioteca del Ateneo de Madrid Biblioteca del Ateneo de Madrid Depósito 2 17/01/2008     G-4594 1139281 23/02/2023 23/02/2023 Libro impreso